Simply marketing communications / (Record no. 8289)
[ view plain ]
| 000 -LEADER | |
|---|---|
| fixed length control field | 00647cam a22002172 4500 |
| 001 - CONTROL NUMBER | |
| control field | 0000012715 |
| 005 - DATE AND TIME OF LATEST TRANSACTION | |
| control field | 20151217152113.0 |
| 008 - FIXED-LENGTH DATA ELEMENTS--GENERAL INFORMATION | |
| fixed length control field | 090315s xx 000 0 eng d |
| 020 ## - INTERNATIONAL STANDARD BOOK NUMBER | |
| International Standard Book Number | 0273704052 : |
| 040 ## - CATALOGING SOURCE | |
| Original cataloging agency | KABU |
| Transcribing agency | KABU |
| 050 #0 - LIBRARY OF CONGRESS CALL NUMBER | |
| Classification number | HF5415.123 |
| Item number | .F55 2002 |
| 100 1# - MAIN ENTRY--PERSONAL NAME | |
| Personal name | Fill, Chris. |
| -- | 0000151440 |
| 245 10 - TITLE STATEMENT | |
| Title | Simply marketing communications / |
| Statement of responsibility, etc. | Chris Fill. |
| 250 ## - EDITION STATEMENT | |
| Edition statement | 1st ed. |
| 260 ## - PUBLICATION, DISTRIBUTION, ETC. (IMPRINT) | |
| Place of publication, distribution, etc. | Harlow, England : |
| Name of publisher, distributor, etc. | Prentice Hall, |
| Date of publication, distribution, etc. | 2006. |
| 300 ## - PHYSICAL DESCRIPTION | |
| Extent | xxiii, 410 p. : |
| Other physical details | ill. |
| 650 #0 - SUBJECT ADDED ENTRY--TOPICAL TERM | |
| Topical term or geographic name as entry element | Communication in marketing. |
| -- | 0000151439 |
| 852 1# - LOCATION | |
| -- | p3150 KES |
| 908 ## - PUT COMMAND PARAMETER (RLIN) | |
| Put command parameter | 090315 |
| 950 ## - LOCAL HOLDINGS (RLIN) | |
| -- | 1 |
| Withdrawn status | Lost status | Source of classification or shelving scheme | Not for loan | Home library | Current library | Date acquired | Total Checkouts | Full call number | Barcode | Date last seen | Price effective from | Koha item type |
|---|---|---|---|---|---|---|---|---|---|---|---|---|
| Library of Congress Classification | Kabarak, Main Campus | Kabarak, Main Campus | 17/12/2015 | HF5415.123 .F55 2006 c. 1 | 17129 | 17/12/2015 | 17/12/2015 | General Collection |